000 00579nam a22002057a 4500
999 _c5656
_d5656
003 AR-CdUCM
008 190313b ||||| |||| 00| 0 spa d
040 _aMUNICIPALIDAD PROVINCIAL DEL CUSCO
_cBIBLIOTECA MUNICIPAL DEL CUSCO
082 _a869.56 /
_bV23
100 _aValle Goicochea, Luis
_91750
245 _aMuera la Muerte /
260 _aTrujillo :
_bLibreria e Imprenta Moreno,
_c1956.
300 _a30 paginas ;
_c24cm.
500 _aPoesias
650 _aPoesias
_95433
650 _aLiteratura
_983
650 _aPerĂº
_935
942 _2ddc
_cLIBROS
945 _apjha